000 03584cam a2200301 4500500
005 20251228053105.0
041 _afre
042 _adc
100 1 0 _aDietrich-Ragon, Pascale
_eauthor
245 0 0 _aRésister à l'exil. Enquête auprès des mal-logés parisiens
260 _c2014.
500 _a5
520 _aEn raison de l’élévation des prix de l’immobilier, la tendance est depuis plusieurs décennies à l’éviction des classes populaires de la capitale. Celles qui y subsistent malgré tout, si elles n’ont pas la chance d’accéder à un parc social largement saturé, doivent bien souvent se replier sur des logements de piètre qualité. Résister à l’exil hors de Paris est cependant pour elles la première des priorités. À leurs yeux, la capitale permet en effet de compenser des conditions de travail difficiles et d’échapper à la ségrégation territoriale, deux marqueurs forts de la condition populaire contemporaine. Bien plus, ce lieu est considéré comme une façon de favoriser les projets d’ascension sociale. Par ailleurs, ces personnes redoutent un déracinement suite auquel elles perdraient leurs repères et les maigres ressources sociales dont elles disposent.
520 _aResisting Exile. A Survey of Poorly-Housed ParisiansWith the steady increase in property prices, the working-class inhabitants of Paris have been forced out of the capital over the last few decades. For those who continue to live there nonetheless, a substandard dwelling is the only available option in many cases, since social housing is in chronically short supply. Yet resisting exile from Paris is a key priority for these residents. In their eyes, life in the capital makes up for their difficult working conditions and spares them from territorial segregation, two powerful markers of working-class status in contemporary society. Much more, living in Paris is seen as a way of climbing the social ladder. These people also fear being uprooted, thereby losing their bearings and the meagre social resources at their disposal.
520 _aEn vista de la subida de los precios inmobiliarios, la tendencia dominante desde hace varias décadas en el municipio central de la capital francesa es la expulsión de las clases populares. Las que allí subsisten a pesar de todo, si no tienen la suerte de acceder a un parque de viviendas sociales ya de por sí muy saturado, deben resignarse muy a menudo a ocupar viviendas de mala calidad. Sin embargo, para ellas, resistirse a ser exiliadas fuera de París es la primera de las prioridades. A su modo de ver, permanecer en la capital les permite, de hecho, compensar condiciones de trabajo difíciles y librarse de la segregación territorial, dos señas características de la condición popular contemporánea. Más aún, este lugar es considerado como una manera de favorecer los proyectos de elevación social. Por otra parte, estas personas temen un desarraigo tras el cual perderían sus referencias y los escasos recursos sociales de que disponen.
690 _aclasses populaires
690 _alogement insalubre
690 _alogement social
690 _amobilité résidentielle et sociale
690 _aParis
690 _aParis
690 _aresidential and social mobility
690 _asocial housing
690 _asub-standard housing
690 _aworking class
786 0 _nEspaces et sociétés | 156-157 | 1 | 2014-03-01 | p. 19-35 | 0014-0481
856 4 1 _uhttps://shs.cairn.info/revue-espaces-et-societes-2014-1-page-19?lang=fr&redirect-ssocas=7080
999 _c1585188
_d1585188